000 00575nam a2200193Ia 4500
005 20250923145300.0
008 008 250917s9999 xx 000 0 eng d
037 _aReports
040 _aDSWL
_beng
_cDSWL
041 _aeng
_2eng
084 _aY5927.2'N33t, N56.3
_qDSWL
245 0 _aReport of the Backward Classes Commission
_cby Govt. of India
260 _aDelhi
_bThe Manager of Pub. Civil Lines Delhi-13
_c1956
300 _a83p.
365 _aINR
_b0.75
925 _g0.75
942 _cREP
_hY5927.2'N33t, N56.3
999 _c1449420
_d1449420